00439nam a2200145 a 450000100100000000500170001000800410002704000250006808200150009324500710010826000530017930000270023249000170025983000170027600002558320200930023908.0110218s1988 dr a 000 0 spa d aDO-SdBNPbspacBNPHU axxxbC965n00aCuentos de los niños de Puerto Plata para los niños del mundo. aSanto Domingo :bEditorial Santo Domingo,c1988. a48 p. :bil. ;c22 cm.1 aRenovación 0aRenovación